pokemon type insecte 1 à 7 G - Statistiques

Statistiques générales
  • Ce quiz a été pris 26 fois
  • Le résultat moyen est 61 sur 77
Statistiques - réponses
Hint Réponse % Correct
49 insecte/poison aeromite
100%
13 insecte/poison aspicot
100%
10 insecte chenipan
100%
11 insecte chrysacier
100%
14 insecte/poison coconfort
100%
15 insecte/poison dardargnan
100%
48 insecte/poison mimitoss
100%
12 insecte/vol papilusion
100%
266 insecte armulys
95%
268 insecte blindalys
95%
265 insecte chenipotte
95%
212 insecte/acier cizayox
95%
540 insecte/plante larveyette
95%
542 insecte/plante manternel
95%
269 insecte/poison papinox
95%
544 insecte/poison scobolide
95%
545 insecte/poison brutapode
90%
541 insecte/plante couverdure
90%
123 insecte/vol insecateur
90%
46 insecte/plante paras
90%
47 insecte/plante parasect
90%
127 insecte scarabrute
90%
543 insecte/poison venipatte
90%
283 insecte/eau arakdo
86%
267 insecte/vol charmillon
86%
205 insecte/acier foretress
86%
167 insecte/poison mimigal
86%
292 insecte/ténèbre munja
86%
596 insecte/electrik mygavolt
86%
291 insecte/vol ninjask
86%
204 insecte pomdepik
86%
214 insecte/combat scarhino
86%
595 insecte/electrik statitik
86%
348 insecte/roche armaldo
81%
165 insecte/vol coxy
81%
166 insecte/vol coxyclaque
81%
558 insecte/roche crabaraque
81%
557 insecte/roche crabicoque
81%
649 insecte/acier genesect
81%
284 insecte/vol maskadra
81%
168 insecte/poison migalos
81%
290 insecte/sol ningale
81%
637 insecte/feu pyrax
81%
636 insecte/feu pyronille
81%
752 insecte/eau tarenbulle
81%
193 insecte/vol yanma
81%
469 insecte/vol yanmega
81%
347 insecte/roche anorith
76%
416 insecte/vol apireine
76%
415 insecte/vol apitrini
76%
589 insecte/acier lancargot
76%
402 insecte melokrik
76%
588 insecte carabing
71%
213 insecte/roche caratroc
71%
401 insecte crikzik
71%
617 insecte limaspeed
71%
751 insecte/eau araqua
67%
413 insecte cheniselle
67%
412 insecte cheniti
67%
616 insecte escargaume
67%
632 insecte/acier fermite
67%
794 insecte/combat mouscoto
67%
666 insecte/vol prismillon
67%
795 insecte/combat cancrelove
62%
737 insecte/electrik chrysapile
62%
736 insecte larvibule
62%
738 insecte/electrik lucanon
62%
314 insecte lumivole
62%
414 insecte/vol papilord
62%
313 insecte muciole
57%
451 insecte/poison rapion
57%
742 insecte/fee bombydou
52%
664 insecte lepidonille
52%
665 insecte peregrain
52%
743 insecte/fee rubombelle
52%
768 insecte/eau sarmurai
52%
767 insecte/eau sovkipou
52%
Aucun quiz correspondant
Distribution des résultats
% des personnes avec chaque résultat
Percentile par nombre de réponses
Votre historique - résultats
Vous n’avez pas pris ce quiz